000 00512nam a22001697a 4500
003 OSt
005 20260115103008.0
008 260115b |||||||| |||| 00| 0 eng d
040 _cMRSPTU
041 _aEnglish
100 _aJaspreet Kaur, Supervisor: Dinesh Kumar
245 _aDHT Based Routing For P2P Content Sharing in MANETs
260 _bDepartment of CSE, MRSPTU, Bathinda
_c2017
650 _aComputer Science
856 _uhttp://163.47.215.52:8080/jspui/handle/123456789/205
942 _2ddc
_cTH
_n0
999 _c10642
_d10642